| 000 | 00488 a2200181 4500 | ||
|---|---|---|---|
| 005 | 20260423142823.0 | ||
| 008 | 260423b |||||||| |||| 00| 0 eng d | ||
| 020 |
_a9788126915590 _cRs. 450.00 |
||
| 040 | _aMAIN | ||
| 082 |
_a821.5 _bS64A |
||
| 100 | _aSinha, M P | ||
| 245 | _aAlexander pope: A critical study of his major poems | ||
| 260 |
_b Atlantic Publishers _aNew Delhi _c2011 |
||
| 300 | _aiv, 178 | ||
| 650 | _aEnglish Literature | ||
| 650 | _aEnglish Poetry | ||
| 942 | _cBK | ||
| 999 |
_c396431 _d396431 |
||